000 00536nmm a2200181Ia 4500
008 251105s9999||||xx |||||||||||||||||und||
041 _aspa
100 _aEllis, Robert
245 0 _aCiudad de fuego
264 _a[Madrid, España] :
_bEdiciones Pàmies,
_c[Fecha de publicación no identificada]
300 _a400 páginas
490 _aLa huella
650 _aThriller & Suspense
700 _aEllis, Robert
700 1 _a Alegría Guereñu, Cristina
856 _uhttps://public.digitaliapublishing.com/a/84707
942 _cCF
999 _c65037
_d65037